000 00366nam a22001337a 4500
999 _c525674
_d525674
008 240404b ||||| |||| 00| 0 eng d
100 _aSubrahmanyam, Bhima
_951951
245 _aInterim budget 2024-25 & cooperatives
260 _aThe Cooperator
300 _a61(8), Feb, 2024: p.610-11
773 _aThe Cooperator
906 _aPUBLIC FINANCE
942 _cAR